000 00433nam a2200181Ia 4500
001 17749
005 20260306171540.0
008 260306s9999||||xx |||||||||||||| ||und||
041 _aESP
082 _a658.151
_bS744
100 _aShirreff, David
_eAUT
245 0 _aCómo lidiar con el riesgo financiero
260 _c2009
300 _a201 páginas :
_c21 cm.
650 _aGEN
654 _aCAN
942 _cLIB
_dJUS
_fJUS
_2ddc
_n
999 _c17749
_d17749